000 00255nam a22001217a 4500
020 _a0-7214-1661-6
082 _a823
_bHAR/A
100 _aHARDING, JACQUELINE
245 _aABOUT THE FARM
260 _aUK
650 _aENGLISH SHORT STORY
_vUK
942 _cBK
999 _c4686
_d4686